000 01325nam0a22002771 4500
001 rc\4663449
005 20130416203557.8
021 _aRU
_bРг8330-63
035 _a(NLR Aleph) 008417851
090 _a9337760
_c9337760
100 _a20130416d1963 |||y0rusy50 ca
101 0 _arus
102 _aRU
105 _ay a |||||
200 1 _aПеречень библиографических справок, выполненных крупнейшими техническими библиотеками Южно-Уральского экономического района в 1962 году
_fРСФСР. Совет нар. хозяйства Южно-Уральского экон. района. Техн. упр. Центр. науч.-техн. б-ка
210 _a[Челябинск]
_cБ. и.
_d1963
215 _a15 с.
_d20
225 1 _aБиблиографическая информация
300 _aВ конце текста сост.: Боговая Д.Г.
702 1 _aБоговая
_bД. Г.
_4220
712 0 2 _aЮжно-Уральский совет народного хозяйства. Центральная научно-техническая библиотека
801 0 _aRU
_bNLR
_gpsbo
801 1 _aRU
_bELAR
_2rusmarc
852 _aNLR
_jс301-100/П-27
942 _cBOOK
980 _aNB